000 00485nam a2200169Ia 4500
999 _c28312
_d28312
003 OSt
005 20201127155234.0
008 190216s9999||||xx |||||||||||||| ||und||
040 _coclc
082 _a920
_bKUM/B
100 _aKumar, T K Krishna
_96809
245 0 _aBhagath Singh /
_cT K Krishna kumar
260 _bMatherepatham Publications,
_c2003.
_aCalicut;
300 _a399p
650 _aJeeva Charithram
942 _cBK
_2ddc
_h920
_iKUM/B
_k920
_mKUM/B